[Event "Conservative majority"]
[Site "http://www.queenalice.com/game.php?id=1856337"]
[Date "2025.4.28"]
[Round "-"]
[White "BigWally"]
[Black "Mikalus"]
[Result "1/2-1/2"]
[WhiteElo "1631"]
[BlackElo "1921"]

1. e4 c5 2. Nf3 Nc6 3. d4 cxd4 4. Nxd4 e5 5. Nxc6 bxc6 6. Be2 Nf6 7. Bf3 Ba6 8.
Na3 Bc5 9. c4 Bxa3 10. bxa3 Bxc4 11. Qc2 Ba6 12. Be2 Bxe2 13. Qxe2 O-O 14. O-O
d5 15. exd5 Qxd5 16. Bb2 Rfe8 17. a4 Re6 18. Rfe1 Rae8 19. a3 h6 20. Bc3 e4 21.
Bxf6 Rxf6 22. Qe3 a5 23. g3 Qf5 24. f4 Rd6 25. Rad1 Rxd1 26. Rxd1 Qg4 27. Rc1
Qe6 28. Rd1 Qc4 29. Rd4 Qc5 30. Kf1 f5 31. Kg2 Qe7 32. Kf2 c5 33. Rd5 g6 34.
Rxc5 Ra8 35. Re5 Qc7 36. Re6 Qc2+ 37. Qe2 Qxe2+ 38. Kxe2 Kf7 39. Re5 Kf6 40. h4
Ra7 41. Rc5 Ra6 42. Rc8 Rd6 43. Ke3 Rd3+ 44. Ke2 Rxg3 45. Rf8+ Kg7 46. Ra8 Rxa3
47. Ra7+ Kf6 48. Ra6+ Kg7 49. Ra7+ Kf8 50. Rxa5 Rf3 51. Ra8+ Ke7 52. Ra7+ Kd8
53. Rh7 h5 54. Rg7 Rg3 55. a5 Kc8 56. Kf2 Rg4 57. Ke3 Kb8 58. a6 Rg3+ 59. Kf2
Rg4 60. Ke3 Rxh4 61. Rxg6 Ka7 62. Rg5 Rh3+ 63. Kd4 Rd3+ 64. Ke5 e3 65. Rg1 Kxa6
66. Re1 Kb5 67. Kxf5 Kc4 68. Ke4 Rd7 1/2-1/2

[Event "AUTO-ADV-4863"]
[Site "http://www.queenalice.com/game.php?id=1856488"]
[Date "2025.4.30"]
[Round "1"]
[White "miguel7"]
[Black "Mikalus"]
[Result "1/2-1/2"]
[WhiteElo "1940"]
[BlackElo "1901"]

1. e4 c5 2. Bc4 e6 3. Qh5 Nf6 4. Qe2 d6 5. d3 a6 6. a3 Be7 7. Nf3 O-O 8. e5 Nfd7
9. Nc3 b5 10. Ba2 Bb7 11. O-O Nc6 12. exd6 Bxd6 13. Ne4 Nf6 14. Bg5 Be7 15. Bxf6
Bxf6 16. Nxc5 Qe7 17. Nxb7 Qxb7 18. Rac1 Bxb2 19. Rb1 Bxa3 20. Bc4 Qd7 21. Rb3
bxc4 22. Rxa3 cxd3 23. Rxd3 Qe7 24. c3 Qf6 25. Nd2 a5 26. Nc4 a4 27. Nb6 Ra7 28.
Nd7 Rxd7 29. Rxd7 Rc8 30. Qc2 Qf4 31. c4 Ne5 32. Ra7 h6 33. c5 Qd4 34. Rd1 Qb4
35. Rxa4 Qb5 36. Qe4 Qxc5 37. Ra8 Ng6 38. Rd8+ Rxd8 39. Rxd8+ Kh7 40. h4 Qc1+
41. Kh2 Qc7+ 42. g3 Qxd8 43. h5 f5 44. hxg6+ Kxg6 45. Qxe6+ Qf6 46. Qe8+ 1/2-1/2

[Event "AUTO-ADV-4863"]
[Site "http://www.queenalice.com/game.php?id=1856489"]
[Date "2025.4.30"]
[Round "1"]
[White "Mikalus"]
[Black "miguel7"]
[Result "0-1"]
[WhiteElo "1882"]
[BlackElo "1897"]

1. d4 e5 2. e3 e4 3. Nc3 Bb4 4. Bd2 Bxc3 5. Bxc3 d5 6. Be2 Nf6 7. Bb4 b6 8. Qd2
a5 9. Ba3 Nbd7 10. c4 c5 11. cxd5 Nxd5 12. dxc5 Nxc5 13. Rc1 O-O 14. Bxc5 bxc5
15. Rxc5 Be6 16. f3 Qg5 17. Kf2 Rfd8 18. Qc1 Rac8 19. f4 Qf6 20. Rxc8 Rxc8 21.
Qd2 g5 22. Nh3 Rd8 23. Qxa5 g4 24. Ng5 Nxf4 25. Nxe6 g3+ 26. hxg3 Nxe6+ 27. Ke1
Rc8 28. Qh5 Ng5 29. b3 Rc1+ 30. Bd1 Qc3+ 31. Ke2 h6 32. Qg4 Qb2+ 0-1

[Event "AUTO-ADV-4863"]
[Site "http://www.queenalice.com/game.php?id=1856506"]
[Date "2025.4.30"]
[Round "1"]
[White "Mikalus"]
[Black "WoodpusherKid"]
[Result "1/2-1/2"]
[WhiteElo "1900"]
[BlackElo "2260"]

1. d4 Nf6 2. Nf3 d5 3. e3 c5 4. b3 cxd4 5. Nxd4 e5 6. Nf3 Bd6 7. Bb2 Bg4 8. Be2
Qe7 9. O-O e4 10. Nd4 Qe5 11. g3 Bh3 12. Re1 O-O 13. Bf1 Bg4 14. Be2 Bxe2 15.
Qxe2 Nbd7 16. Rd1 Rfe8 17. Nc3 Be7 18. Na4 a6 19. c4 dxc4 20. bxc4 Qa5 21. Nc3
Nb6 22. Nb3 Qf5 23. Nd4 Qh3 24. Qf1 Qxf1+ 25. Kxf1 Nxc4 26. Bc1 Bb4 27. Nce2 Bc5
28. Nb3 Bb6 29. Nbd4 Rac8 30. a3 h5 31. Bd2 Red8 32. Bb4 Nb2 33. Rd2 Nc4 34.
Rdd1 Nb2 35. Rd2 Nc4 36. Rdd1 Nb2 1/2-1/2

[Event "AUTO-ADV-4863"]
[Site "http://www.queenalice.com/game.php?id=1856507"]
[Date "2025.4.30"]
[Round "1"]
[White "WoodpusherKid"]
[Black "Mikalus"]
[Result "1-0"]
[WhiteElo "2197"]
[BlackElo "1930"]

1. d4 d5 2. Nf3 e6 3. g3 Nf6 4. Bg2 b6 5. c4 Bb7 6. cxd5 Nxd5 7. O-O Bd6 8. e4
Nb4 9. a3 N4c6 10. e5 Be7 11. Bf4 O-O 12. Re1 Na5 13. b4 Nac6 14. Nc3 a6 15. d5
Na7 16. Rc1 b5 17. dxe6 fxe6 18. Qb3 Nbc6 19. Qxe6+ Kh8 20. Ne4 Nb8 21. Rcd1 Qe8
22. Nf6 Bxf6 23. exf6 1-0

[Event "AUTO-ADV-4863"]
[Site "http://www.queenalice.com/game.php?id=1856508"]
[Date "2025.4.30"]
[Round "1"]
[White "Mikalus"]
[Black "MMA34"]
[Result "1-0"]
[WhiteElo "1914"]
[BlackElo "1910"]

1. d4 Nf6 2. Nf3 e6 3. e3 c5 4. b3 d5 5. Bb2 Nc6 6. Bd3 Be7 7. O-O a6 8. Nbd2 b5
9. c4 b4 10. a3 O-O 11. Qc2 Bb7 12. Ne5 Nxe5 13. dxe5 Ne4 14. Nxe4 dxe4 15. Bxe4
Bxe4 16. Qxe4 f5 17. exf6 Bxf6 18. Qxe6+ Kh8 19. Bxf6 Qxf6 20. Qxf6 Rxf6 21.
axb4 cxb4 22. Ra5 Rd8 23. Rb1 Rfd6 24. g3 Ra8 25. Kf1 Kg8 26. Ke2 Rad8 27. Rb2
Kf7 28. c5 Rc6 29. h4 Rd5 30. Rc2 Rd7 31. Rd2 Rdc7 32. Rd5 Ke6 33. e4 Ke7 34. f4
g6 35. g4 Kf7 36. Ke3 Ke7 37. Kd4 Rc8 38. e5 R8c7 39. Kc4 Kf7 40. Kxb4 Ke7 41.
Kc4 Kf7 42. Rd6 Rxd6 43. exd6 Ra7 44. Kd5 1-0

[Event "AUTO-ADV-4863"]
[Site "http://www.queenalice.com/game.php?id=1856509"]
[Date "2025.4.30"]
[Round "1"]
[White "MMA34"]
[Black "Mikalus"]
[Result "1-0"]
[WhiteElo "1890"]
[BlackElo "1930"]

1. e4 c5 2. Nf3 Nc6 3. d4 cxd4 4. Nxd4 e5 5. Nf3 Nf6 6. Bg5 Be7 7. Nbd2 Qa5 8.
c3 d6 9. b4 Qc7 10. Be2 O-O 11. O-O Nh5 12. Be3 Nf4 13. Bxf4 exf4 14. h3 Ne5 15.
Re1 b6 16. Rc1 Bb7 17. Bf1 Rad8 18. Qc2 Bf6 19. Nxe5 dxe5 20. Rcd1 Rd7 21. Bb5
Rdd8 22. Nf3 a6 23. Be2 b5 24. Nd2 Rd6 25. Nb3 Rfd8 26. Nc5 Bc8 27. Rxd6 Rxd6
28. Rd1 h6 29. Rxd6 Qxd6 30. Qd3 Qxd3 31. Bxd3 g5 32. Be2 Kg7 33. Bg4 Bxg4 34.
hxg4 Kg6 35. Nxa6 Bd8 36. Nc5 Kf6 37. f3 Ke7 38. Kf1 Bb6 39. Nd3 Kd6 40. Ke2 f6
41. Kd2 Be3+ 42. Kc2 Bb6 43. Kb3 Be3 44. a4 Kc6 45. axb5+ Kxb5 46. c4+ Kb6 47.
Ka4 1-0

[Event "Challenge"]
[Site "http://www.queenalice.com/game.php?id=1857478"]
[Date "2025.5.17"]
[Round "-"]
[White "Mikalus"]
[Black "jogo"]
[Result "0-1"]
[WhiteElo "1892"]
[BlackElo "1884"]

1. d4 Nf6 2. Nf3 e6 3. e3 c5 4. b3 Be7 5. Bb2 O-O 6. c4 Nc6 7. Be2 cxd4 8. Nxd4
Nxd4 9. Bxd4 Ne4 10. O-O Bf6 11. Bf3 Bxd4 12. exd4 Nf6 13. Nc3 d5 14. c5 Qa5 15.
Qc2 b5 16. a4 b4 17. Nb5 Ba6 18. Be2 Rab8 19. Nd6 Bxe2 20. Qxe2 Ne8 21. Rfc1
Nxd6 22. cxd6 Rfd8 23. Rc5 Qb6 24. Rb5 Qxd4 25. Rd1 Qf4 26. Rxb8 Rxb8 27. Qa6 g6
28. h3 Rb6 29. Qc8+ Kg7 30. d7 Rd6 31. d8=Q Rxd8 32. Qb7 Qb8 33. Qa6 Rd6 34. Qe2
Rc6 35. Qd2 a5 36. Qd4+ Kg8 0-1

[Event "AUTO-ADV-4869"]
[Site "http://www.queenalice.com/game.php?id=1858150"]
[Date "2025.6.2"]
[Round "1"]
[White "chessman"]
[Black "Mikalus"]
[Result "1-0"]
[WhiteElo "2096"]
[BlackElo "1890"]

1. e4 c5 2. b4 cxb4 3. a3 bxa3 4. Bxa3 Nc6 5. d4 e6 6. Bxf8 Kxf8 7. Nf3 Nge7 8.
Bd3 Ng6 9. O-O f6 10. d5 exd5 11. exd5 Nce5 12. Bf5 d6 13. Nc3 Bxf5 14. Nd4 Qc7
15. Nxf5 Kf7 16. Nb5 1-0

[Event "AUTO-ADV-4869"]
[Site "http://www.queenalice.com/game.php?id=1858151"]
[Date "2025.6.2"]
[Round "1"]
[White "Mikalus"]
[Black "chessman"]
[Result "1-0"]
[WhiteElo "1876"]
[BlackElo "2101"]

1. d4 d5 2. Nf3 e6 3. e3 c5 4. c4 cxd4 5. Nxd4 Nf6 6. Bd3 Bc5 7. O-O O-O 8. b3
a6 9. Bb2 e5 10. Ne2 e4 11. Bc2 dxc4 12. Qxd8 Rxd8 13. Bxf6 gxf6 14. Bxe4 cxb3
15. axb3 Nc6 16. Nbc3 Be6 17. Rab1 Kg7 18. Nf4 Rd7 19. Nxe6+ fxe6 20. Na4 Rc8
21. Nxc5 Re7 22. Bf3 e5 23. Rfd1 1-0

[Event "AUTO-ADV-4869"]
[Site "http://www.queenalice.com/game.php?id=1858162"]
[Date "2025.6.2"]
[Round "1"]
[White "ThiagoBrumN"]
[Black "Mikalus"]
[Result "0-1"]
[WhiteElo "1699"]
[BlackElo "1925"]

1. e4 c5 2. d4 cxd4 3. Nf3 Nc6 4. Bc4 e6 5. O-O Be7 6. Nxd4 Nf6 7. Be3 O-O 8.
Nc3 a6 9. Qd2 Bb4 10. a3 Bxc3 11. Qxc3 b5 12. Bd3 Bb7 13. Rae1 Ne5 0-1

[Event "AUTO-ADV-4869"]
[Site "http://www.queenalice.com/game.php?id=1858163"]
[Date "2025.6.2"]
[Round "1"]
[White "Mikalus"]
[Black "ThiagoBrumN"]
[Result "1-0"]
[WhiteElo "1917"]
[BlackElo "1707"]

1. d4 d5 2. Nf3 Nc6 3. e3 Nf6 4. Bd3 Bg4 5. Be2 Qd7 6. b3 O-O-O 7. Bb2 Ne4 8.
Nbd2 f5 9. c4 Nb4 10. a3 Nc6 11. c5 h6 12. b4 e6 13. Ne5 Nxe5 14. dxe5 1-0

[Event "AUTO-ADV-4869"]
[Site "http://www.queenalice.com/game.php?id=1858170"]
[Date "2025.6.2"]
[Round "1"]
[White "Mikalus"]
[Black "Quique68"]
[Result "0-1"]
[WhiteElo "1923"]
[BlackElo "2027"]

1. d4 d5 2. Nf3 e6 3. e3 c5 4. b3 cxd4 5. Nxd4 Nf6 6. Bb2 Bb4+ 7. c3 Bd6 8. Bd3
O-O 9. O-O a6 10. Nd2 Bd7 11. c4 Nc6 12. Qc2 Nb4 13. Qb1 Nxd3 14. Qxd3 e5 15.
Nc2 Bc6 16. b4 e4 17. Qd4 Re8 18. Qc3 Be5 19. Nd4 Bxh2+ 20. Kh1 Be5 21. f3 Ng4
0-1

[Event "AUTO-ADV-4869"]
[Site "http://www.queenalice.com/game.php?id=1858171"]
[Date "2025.6.2"]
[Round "1"]
[White "Quique68"]
[Black "Mikalus"]
[Result "1-0"]
[WhiteElo "2050"]
[BlackElo "1932"]

1. d4 d5 2. c4 e6 3. Nc3 c5 4. e3 Nc6 5. Nf3 Nf6 6. a3 b6 7. Be2 Be7 8. O-O O-O
9. cxd5 Nxd5 10. Bd2 Bb7 11. Rc1 cxd4 12. exd4 Bf6 13. Nxd5 Qxd5 14. Bc4 Qd6 15.
Bc3 Rad8 16. Kh1 Qf4 17. Bd2 Qd6 18. Bc3 Ne7 19. Ne5 Bxg2+ 20. Kxg2 Nc6 21. Nf3
Qf4 22. Be2 Nxd4 23. Nxd4 Bxd4 24. Bxd4 Rxd4 25. Qb3 Rd5 26. Rc3 Rfd8 27. Rd1 h6
28. Rxd5 Rxd5 29. Rg3 g6 30. Qe3 Qh4 31. Rxg6+ 1-0

[Event "AUTO-ADV-4830"]
[Site "http://www.queenalice.com/game.php?id=1858910"]
[Date "2025.6.22"]
[Round "2"]
[White "Mikalus"]
[Black "atbn"]
[Result "0-1"]
[WhiteElo "1914"]
[BlackElo "1960"]

1. e3 e5 2. d4 exd4 3. exd4 Nf6 4. Nf3 d5 5. b3 Nc6 6. Bb2 Bb4+ 7. Nbd2 O-O 8.
a3 Re8+ 9. Be2 Ba5 10. b4 Bb6 11. O-O Bg4 12. Re1 h6 13. c3 Ne7 14. Ne5 Bxe2 15.
Qxe2 Nd7 16. Qh5 Nxe5 17. Rxe5 Ng6 18. Ree1 Qd6 19. Nf3 c6 20. Re3 Bc7 21. Rae1
Rxe3 22. Rxe3 Kf8 23. Bc1 Re8 24. g3 b5 25. Kg2 a5 26. Nh4 Nxh4+ 27. Qxh4 a4 28.
Qh5 Re6 29. f4 Qe7 30. Kf3 Rxe3+ 31. Bxe3 Qe4+ 32. Kf2 Qc2+ 33. Kf3 Qd1+ 0-1

[Event "AUTO-ADV-4830"]
[Site "http://www.queenalice.com/game.php?id=1858911"]
[Date "2025.6.22"]
[Round "2"]
[White "atbn"]
[Black "Mikalus"]
[Result "1-0"]
[WhiteElo "1945"]
[BlackElo "1929"]

1. e4 c5 2. c3 Nc6 3. d4 cxd4 4. cxd4 e6 5. Nf3 Nf6 6. Nc3 Bb4 7. Bd3 Qb6 8. a3
Be7 9. Bc2 O-O 10. O-O d6 11. d5 Ne5 12. Nxe5 dxe5 13. dxe6 Bxe6 14. b4 Rac8 15.
Na4 Qc7 16. Bb1 b5 17. Nb2 Rfd8 18. Bd3 Nxe4 19. Qf3 Ng5 20. Qh5 h6 21. h4 Nh7
22. Bxh6 Rxd3 23. Nxd3 Bf6 24. Be3 g6 25. Qh6 e4 26. Rac1 Qe7 27. Nc5 Bc4 28.
Rfd1 Bxh4 29. Rd7 Qf6 30. Nxe4 Bxf2+ 31. Bxf2 1-0

[Event "Challenge"]
[Site "http://www.queenalice.com/game.php?id=1862577"]
[Date "2025.9.5"]
[Round "-"]
[White "Mikalus"]
[Black "BigWally"]
[Result "1-0"]
[WhiteElo "1900"]
[BlackElo "1643"]

1. e4 e5 2. Nc3 Nf6 3. f4 exf4 4. Nf3 Bb4 5. d3 Bxc3+ 6. bxc3 Ng4 7. Bxf4 O-O 8.
Be2 Nf2 9. Kxf2 d5 10. Rf1 Bg4 11. e5 c6 12. Kg1 Nd7 13. d4 c5 14. Nd2 Bxe2 15.
Qxe2 c4 16. Qg4 Qe7 17. Bh6 f6 18. exf6 Nxf6 19. Bg5 Nxg4 20. Bxe7 Rxf1+ 21.
Rxf1 Re8 22. Bb4 Ne3 23. Rf2 Nxc2 24. a3 b5 25. Nf3 Ne3 26. h3 Nd1 27. Rf1 Ne3
28. Re1 Re4 29. Kf2 Nc2 30. Rxe4 dxe4 31. Ne5 e3+ 32. Ke2 Nxb4 33. axb4 g6 34.
Kxe3 Kf8 35. Kf4 Ke7 36. Kg5 1-0

[Event "Challenge"]
[Site "http://www.queenalice.com/game.php?id=1865078"]
[Date "2025.11.3"]
[Round "-"]
[White "BigWally"]
[Black "Mikalus"]
[Result "1-0"]
[WhiteElo "1637"]
[BlackElo "1906"]

1. e4 c5 2. d4 cxd4 3. Qxd4 Nc6 4. Qd1 e5 5. Nf3 Nf6 6. Nc3 Bb4 7. Bb5 a6 8.
Bxc6 bxc6 9. O-O Bxc3 10. bxc3 O-O 11. Re1 d6 12. Ba3 c5 13. c4 Bb7 14. Qd3 Qe7
15. Bc1 Rab8 16. Bg5 Qe6 17. Bxf6 Qxf6 18. Rab1 Bc6 19. Ra1 Qg5 20. Nxg5 1-0

[Event "Challenge"]
[Site "http://www.queenalice.com/game.php?id=1866223"]
[Date "2025.11.26"]
[Round "-"]
[White "Mikalus"]
[Black "BigWally"]
[Result "1-0"]
[WhiteElo "1879"]
[BlackElo "1664"]

1. e4 e5 2. Nc3 Nf6 3. f4 Nc6 4. Nf3 d5 5. Bb5 dxe4 6. Nxe5 Bg4 7. Nxg4 Bb4 8.
Nxf6+ Qxf6 9. O-O a6 10. Nxe4 Qf5 11. Bxc6+ bxc6 12. d3 Ke7 13. a3 Bd6 14. Qe2
Kd8 15. Bd2 Rb8 16. b4 c5 17. bxc5 Bxc5+ 18. Nxc5 Qxc5+ 19. Kh1 Qxc2 20. f5 f6
21. Rac1 Qb2 22. Rfe1 Qxa3 23. Bf4 Rc8 24. Qe6 Qf8 25. Qd5+ 1-0